000
00304nam a2200121Ia 4500
008
190216s9999||||xx |||||||||||||| ||und||
100
_a
Vasanth Nargolkar
245
0
_a
Rural Development Through Communities In China
260
_b
S Chand & Co
_c
1982
300
_a
213p
650
_a
Economics
942
_c
BK
999
_c
9603
_d
9603